[Event "Munich op9192"]
[Site "Munich"]
[Date "1992.??.??"]
[Round "1"]
[White "Lorscheid, Gerhard"]
[Black "Schlosser, Philipp"]
[Result "0-1"]
[WhiteElo "2275"]
[BlackElo "2485"]

1.d4 Nf6 2.c4 e6 3.Nc3 Bb4 4.Nf3 c5 5.Qb3 Nc6 6.dxc5 Ne4 7.Bd2 Nxc5 8.Qc2 O-O
9.a3 Bxc3 10.Bxc3 a5 11.b3 Qe7 12.e3 f5 13.Be2 b6 14.O-O Bb7 15.Rfd1 d6 16.b4 Ne4
17.Be1 Rf6 18.bxa5 bxa5 19.Rab1 Rg6 20.Rb6 Nc5 21.Qb1 Rf8 22.Qb5 Ne5 23.Nxe5 Rxg2+
24.Kf1 dxe5 25.Rxb7 Qg5 26.Bf3 Rg1+ 27.Ke2 Nxb7 28.Bxb7 Qh5+ 29.Bf3 Qxh2
30.Kd2 h6 31.Qxa5 e4 32.Be2 f4 33.Qb6 f3 34.Qxe6+ Kh8 35.Bd3 exd3 36.Qd6 Qxd6  0-1

[Event "Munich op9192"]
[Site "Munich"]
[Date "1992.??.??"]
[Round "2"]
[White "Bandza, Algirdas"]
[Black "Aseev, Konstantin N"]
[Result "0-1"]
[WhiteElo "2385"]
[BlackElo "2525"]

1.Nf3 Nf6 2.c4 e6 3.Nc3 Bb4 4.d4 c5 5.e3 b6 6.Bd3 Bb7 7.O-O O-O 8.Na4 cxd4
9.a3 Be7 10.exd4 d6 11.Re1 Nbd7 12.Nc3 d5 13.cxd5 Nxd5 14.Nxd5 Bxd5 15.Bf4 Nf6
16.Be5 Bb7 17.Rc1 Rc8 18.Qe2 Qd5 19.Ba6 Bxa6 20.Qxa6 Rxc1 21.Rxc1 Qb3 22.Qe2 Nd5
23.Qc2 Qb5 24.h3 Rd8 25.a4 Qb4 26.b3 a6 27.Qc4 b5 28.axb5 axb5 29.Qd3 Qa5
30.Bg3 Ra8 31.Bh4 Bxh4 32.Nxh4 b4 33.Nf3 Nc3 34.h4 Qa6 35.Qxa6 Rxa6 36.Rc2 Ra1+
37.Kh2 Rd1 38.Rd2 Rb1 39.Rc2 Rxb3 40.Nd2 Ra3 41.Nb1 Ra2 42.Rxa2 Nxa2 43.Nd2 Nc1
44.Kg3 Ne2+ 45.Kf3 Nxd4+ 46.Ke4 Nf5 47.g3 h5  0-1

[Event "Munich op9192"]
[Site "Munich"]
[Date "1992.??.??"]
[Round "7"]
[White "Lorscheid, Gerhard"]
[Black "Bandza, Algirdas"]
[Result "1/2-1/2"]
[WhiteElo "2275"]
[BlackElo "2400"]

1.d4 Nf6 2.c4 e6 3.Nc3 Bb4 4.Nf3 c5 5.Qb3 Ne4 6.Nd2 Bxc3 7.bxc3 Nxd2 8.Bxd2 b6
9.dxc5 bxc5 10.Bf4 Nc6 11.Bd6 Ba6 12.e3 Na5 13.Qa4 Qb6 14.Rd1 Bb7 15.f3 Bc6
16.Qa3 Nb7 17.Bg3 d6 18.Be2 e5 19.O-O O-O 20.f4 f6 21.fxe5 dxe5 22.Bg4 Be4
23.Bf3 Bxf3 24.gxf3 Rfd8 25.Rd5 Rxd5 26.cxd5 c4 27.Bf2 e4 28.fxe4 Nd6 29.Rd1 Nxe4
30.d6 Rd8 31.d7 Qe6 32.Rd4 Rxd7 33.Qa4 Rxd4 34.cxd4 c3 35.Qxa7 c2 36.Qb8+ Kf7
37.Qc7+ Kg6 38.Qxc2 Qg4+ 39.Kf1 f5 40.Qe2 Qh3+ 41.Kg1 Nc3 42.Qd3 Qg4+ 43.Kf1 Qh3+
44.Ke1 Ne4 45.Qf1 Qxh2 46.Qg1+ Qxg1+ 47.Bxg1 Kf6 48.a4 Ke6 49.a5 Kd5 50.Bh2 Kc6
51.Ke2 g5 52.Bb8 Kb5 53.Bc7 g4 54.Ke1 Nc3 55.Kf2 Nd5 56.Bd8 h5 57.Kg3 Nxe3
58.Kf4 Nd5+ 59.Kxf5 g3 60.Bh4 g2 61.Bf2  1/2-1/2

[Event "Munich op9192"]
[Site "Munich"]
[Date "1992.??.??"]
[Round "9"]
[White "Lorscheid, Gerhard"]
[Black "Koepf, Ulrich"]
[Result "1/2-1/2"]
[WhiteElo "2275"]
[BlackElo "2275"]

1.d4 Nf6 2.c4 e6 3.Nc3 Bb4 4.Nf3 b6 5.Qb3 Qe7 6.Bf4 Ne4 7.Bxc7 Nc6 8.Qc2 f5
9.Bf4 g5 10.Bd2 g4 11.d5 gxf3 12.dxc6 Nxd2 13.cxd7+ Bxd7 14.Qxd2 fxg2 15.Bxg2 Rc8
16.a3 Bd6 17.Qd3 Be5 18.Rd1 Rc7 19.Bf3 O-O 20.Rg1+  1/2-1/2

[Event "NOR-LIT"]
[Site "?"]
[Date "1992.??.??"]
[Round "1"]
[White "Dannevig, Oystein"]
[Black "Sulskis, Sarunas"]
[Result "0-1"]
[WhiteElo "2290"]
[BlackElo "2350"]

1.d4 Nf6 2.c4 e6 3.Nc3 Bb4 4.Nf3 c5 5.g3 O-O 6.Bg2 cxd4 7.Nxd4 d5 8.O-O dxc4
9.Nc2 Be7 10.Ne3 Qc7 11.Qd4 Nc6 12.Qxc4 Bd7 13.b3 Qb6 14.Qb5 Qc7 15.Bb2 Rfd8
16.Rac1 a6 17.Qc4 Rac8 18.Ne4 Ne8 19.Qc2 Qb8 20.Qb1 Qa7 21.Rfd1 f5 22.Nd2 Bc5
23.Ndf1 Nd4 24.Rd2 Bc6 25.Nc4 Bxg2 26.Kxg2 b5 27.Ne5 Bb6 28.f3 Rxc1 29.Qxc1 Qa8
30.e3 Rc8 31.Qd1 Nc6 32.Nd7 Ba5 33.Rc2 Rd8 34.a3 Nb8 35.b4 Rxd7 36.Qc1 Bd8
37.Be5 Nd6 38.Bxd6 Rxd6 39.Rc8 Qb7 40.h3 Nc6  0-1

[Event "NZD-ch"]
[Site "?"]
[Date "1992.??.??"]
[Round "2"]
[White "Noble, Mark Frederick"]
[Black "Small, Vernon A"]
[Result "0-1"]
[WhiteElo "2310"]
[BlackElo "2375"]

1.d4 Nf6 2.c4 e6 3.Nc3 Bb4 4.Nf3 b6 5.e3 Bb7 6.Bd3 Ne4 7.Qc2 f5 8.O-O Bxc3
9.bxc3 O-O 10.Nd2 Qh4 11.f3 Nxd2 12.Bxd2 Nc6 13.Rae1 Na5 14.Rf2 c5 15.d5 Rae8
16.Rfe2 Qh5 17.e4 b5 18.dxe6 bxc4 19.exd7 Rd8 20.e5 Rxd7 21.Qa4 cxd3 22.Qxd7 dxe2
23.c4 Qg6 24.Rxe2 Bxf3 25.Rf2 Bc6 26.Qxa7 Nxc4 27.Qxc5 Nxd2 28.Rxd2 f4 29.Qc4+ Kh8
30.e6 Qb1+ 31.Kf2 Qb6+ 32.Qd4 Qxd4+ 33.Rxd4 Kg8 34.e7 Re8 35.Rxf4 Rxe7 36.Rc4 Re6
37.g3 Kf7 38.a4 Ke7 39.Rg4 Kf6 40.a5 Re4 41.Rxe4 Bxe4 42.Ke3 Ke5 43.a6 Ba8
44.a7 Be4 45.h3 h5 46.Kf2 Kd4 47.h4 Ke5 48.Kf1 Kf5 49.Kg1 Kg4 50.Kh2 Ba8  0-1

[Event "RUS-ch"]
[Site "Orel"]
[Date "1992.??.??"]
[Round "?"]
[White "Zvjaginsev, Vadim"]
[Black "Yemelin, Vasily"]
[Result "1-0"]
[WhiteElo "2415"]
[BlackElo "2380"]

1.d4 Nf6 2.c4 e6 3.Nf3 Bb4+ 4.Nc3 c5 5.g3 cxd4 6.Nxd4 Ne4 7.Qd3 Bxc3+ 8.bxc3 Nc5
9.Qf3 d6 10.Bg2 Nbd7 11.O-O O-O 12.Rd1 Ne5 13.Qf4 Bd7 14.Nb3 Ba4 15.Ba3 Nxb3
16.axb3 Bxb3 17.Rxd6 Qa5 18.Bxb7 Rad8 19.Ra6 Qxc3 20.Bxf8 Kxf8 21.Rxa7 f6
22.Bg2 Rd4 23.Qe3 Qxe3 24.fxe3 Rxc4 25.Rb1 Ba4 26.Rb8+ Be8 27.Raa8 Rc1+ 28.Bf1 Ng4
29.Rxe8+ Kf7 30.Rec8  1-0

[Event "RUS-ch"]
[Site "Orel"]
[Date "1992.??.??"]
[Round "?"]
[White "Zvjaginsev, Vadim"]
[Black "Tunik, Gennady"]
[Result "1/2-1/2"]
[WhiteElo "2415"]
[BlackElo "2450"]

1.d4 Nf6 2.c4 e6 3.Nc3 Bb4 4.Nf3 c5 5.g3 Ne4 6.Qd3 Qa5 7.Qxe4 Bxc3+ 8.Bd2 Bxd2+
9.Nxd2 Nc6 10.dxc5 Qxc5 11.a3 b6 12.Bg2 Bb7 13.O-O O-O 14.b4 Qe7 15.Qe3 d6
16.Rfd1 Rfd8 17.Rac1 Rac8 18.Nf3 h6 19.h4 Nb8 20.Qf4 Bxf3 21.Bxf3 Nc6 22.Bg2 a5
23.Qe3 axb4 24.Qxb6 Ne5 25.Qxb4 Rc5 26.a4 Qc7 27.Qb7 Qa5 28.e3 Nxc4 29.Bf1 d5
30.Bxc4 Rdc8 31.Rd4 dxc4 32.Rf4 Qc7 33.Qxc7 R8xc7 34.Rd4 e5 35.Rd8+ Kh7 36.Rb8 Kg6
37.Kf1 Kf5 38.Ke2 g5 39.hxg5 hxg5 40.Rb6 g4 41.Rb4 f6 42.Rc2 c3 43.e4+ Kg6
44.Ke3 Rc4  1/2-1/2

[Event "Oviedo rapid45"]
[Site "Oviedo"]
[Date "1992.??.??"]
[Round "8"]
[White "Giffard, Nicolas"]
[Black "Urday, Henry"]
[Result "0-1"]
[WhiteElo "2340"]
[BlackElo "2480"]

1.d4 Nf6 2.c4 e6 3.Nf3 Bb4+ 4.Nc3 c5 5.Bd2 cxd4 6.Nxd4 O-O 7.e3 Nc6 8.Nb3 b6
9.Be2 Bb7 10.O-O Rc8 11.Rc1 Be7 12.a3 Ne5 13.Nb5 a6 14.N5d4 d5 15.cxd5 Qxd5
16.f3 Rxc1 17.Bxc1 Rc8 18.e4 Qd7 19.Be3 Nc4 20.Bxc4 Rxc4 21.Qe2 Rc8 22.Rc1 g6
23.Rxc8+ Qxc8 24.Qc2 Qxc2 25.Nxc2 Nd7 26.Nc1 f5 27.exf5 gxf5 28.Nd3 Kf7 29.Bd4 a5
30.Ne5+ Nxe5 31.Bxe5 Bf6 32.Bxf6 Kxf6 33.Kf2 Ke5 34.Ke3 f4+ 35.Kd2 h5 36.Ne1 Kd4
37.Nd3 e5 38.Nf2  0-1

[Event "Prague DDM-C"]
[Site "Prague"]
[Date "1992.??.??"]
[Round "3"]
[White "Cech, Pavel"]
[Black "Liebert, Heinz"]
[Result "0-1"]
[WhiteElo "2330"]
[BlackElo "2380"]

1.d4 Nf6 2.c4 e6 3.Nc3 Bb4 4.Nf3 b6 5.Bg5 Bb7 6.e3 Bxc3+ 7.bxc3 d6 8.Bd3 Nbd7
9.O-O h6 10.Bh4 Qe7 11.Nd2 g5 12.Bg3 h5 13.f3 O-O-O 14.c5 dxc5 15.Qa4 cxd4
16.cxd4 h4 17.Be1 Kb8 18.Nb3 Nd5 19.Ba6 Bxa6 20.Qxa6 Ka8 21.Bd2 Nb8 22.Qc4 Qd6
23.a4 c6 24.a5 b5 25.Qd3 f5 26.a6 f4 27.e4 Nb6 28.Bc3 Na4 29.Rfd1 Nxa6 30.Na5 Nb8
31.Qc2 h3 32.d5 Qc5+  0-1

[Event "San Bernardino op"]
[Site "San Bernardino"]
[Date "1992.??.??"]
[Round "8"]
[White "Chudinovskih, Alexander"]
[Black "Summermatter, Daniel"]
[Result "1-0"]
[WhiteElo "2325"]
[BlackElo "2350"]

1.d4 Nf6 2.c4 e6 3.Nc3 Bb4 4.Nf3 b6 5.e3 Bb7 6.Bd3 O-O 7.O-O d5 8.a3 Bxc3
9.bxc3 dxc4 10.Bxc4 Nbd7 11.Qe2 c5 12.Bb2 Qc7 13.Nd2 Rac8 14.Rac1 Rfe8 15.e4 Qf4
16.g3 Qh6 17.f4 Qh3 18.Bd3 Ng4 19.Nf3 h6 20.Ne5 Ndxe5 21.fxe5 c4 22.Bc2 f6
23.Rf4 h5 24.exf6 gxf6 25.Rcf1 f5 26.Bc1 fxe4 27.Bxe4 Bd5 28.Qc2 Kh8 29.Qe2 Rcd8
30.Qg2 Qxg2+ 31.Bxg2 Kg7 32.Rf7+ Kg8 33.h3 e5 34.Bxd5 Rxd5 35.hxg4 exd4 36.cxd4 hxg4
37.R7f4 Rg5 38.Rf8+  1-0

[Event "Stare Mesto op"]
[Site "Stare Mesto"]
[Date "1992.??.??"]
[Round "?"]
[White "Sideif Sade, Fikret I"]
[Black "Dranov, Aleksandar"]
[Result "1/2-1/2"]
[WhiteElo "2440"]
[BlackElo "2310"]

1.d4 Nf6 2.c4 e6 3.Nc3 Bb4 4.Nf3 b6 5.Qb3 c5 6.Bf4 Nc6 7.e3 Ba6 8.dxc5 bxc5
9.a3 Ba5 10.Be2 Bc7 11.Qa4 Bxf4 12.Qxa6 Bc7 13.O-O Ba5 14.Na4 Rb8 15.Ne1 Ke7
16.Bf3 Bxe1 17.Bxc6 Qa5 18.Bb5 Qxa6 19.Bxa6 Ba5 20.Rab1 d6 21.Bb5 Bc7 22.b4 cxb4
23.axb4 a5  1/2-1/2

[Event "Rilton Cup"]
[Site "Stockholm"]
[Date "1992.??.??"]
[Round "6"]
[White "Henriksson, J."]
[Black "Kretz, Johan"]
[Result "0-1"]
[WhiteElo "2210"]
[BlackElo "2215"]

1.d4 Nf6 2.c4 e6 3.Nc3 Bb4 4.Nf3 b6 5.g3 Bb7 6.Bg2 c5 7.O-O cxd4 8.Qxd4 O-O
9.Bg5 Nc6 10.Qd3 Rc8 11.Ne4 Be7 12.Bxf6 gxf6 13.Nd6 Rb8 14.Rfd1 Ba8 15.a3 f5
16.e4 Bxd6 17.Qxd6 fxe4 18.Ne1 f5 19.Qxd7 Qf6 20.b4 Rbc8 21.Qd2 Ne5 22.c5 bxc5
23.bxc5 Rxc5 24.Rac1 Rd5 25.Qe3 Rfd8 26.Rxd5 exd5 27.Qd4 Ng4 28.Qxa7 d4 29.Nc2 Qh6
30.Rd1 Qxh2+ 31.Kf1 e3  0-1

[Event "Wuerzburg op"]
[Site "Wuerzburg"]
[Date "1992.??.??"]
[Round "?"]
[White "Budnikov, Alexandar"]
[Black "Ksieski, Zbigniew"]
[Result "1-0"]
[WhiteElo "2520"]
[BlackElo "2335"]

1.d4 Nf6 2.c4 e6 3.Nf3 Bb4+ 4.Nc3 c5 5.g3 Bxc3+ 6.bxc3 Qa5 7.Qd3 Ne4 8.Bd2 f5
9.Bg2 Nc6 10.O-O O-O 11.d5 Nd8 12.Rfd1 Nf7 13.Bf4 Qxc3 14.Rac1 Qf6 15.dxe6 dxe6
16.Nd2 Nxd2 17.Qxd2 Qe7 18.Qb2 e5 19.Bd2 Rb8 20.Bc3 b6 21.Bd5 Be6 22.Bxe5 Nxe5
23.Qxe5 Rbe8 24.e3 Bxd5 25.Qxd5+ Kh8 26.Qc6 Rf6 27.Qa4 Rf7 28.Rd5 h6 29.Rcd1 Qe4
30.h4 Kh7 31.R1d2 Ree7 32.Rd8 Qg4 33.Re8 Qe4 34.Rdd8 Rxe8 35.Rxe8 Re7 36.Rd8 Qb1+
37.Kh2 Qf1 38.Rd2 h5 39.Qc2 Re4 40.Rd7 Qxc4 41.Qb2 Rg4 42.Qb1 Qe6 43.Rxa7 Rb4
44.Qa1 Qg6 45.Qe5 Re4 46.Qc7 f4 47.gxf4 Qg4 48.f3 Qg6 49.fxe4 Qg4 50.Qxg7+ Qxg7
51.Rxg7+ Kxg7 52.Kg3 b5 53.Kf3 b4 54.Ke2 c4 55.Kd2 Kf6 56.e5+ Kf5 57.e4+ Ke6
58.Ke3 Kd7 59.Kd4 c3 60.Kd3 Kc6 61.e6  1-0

[Event "Aalborg op"]
[Site "Aalborg"]
[Date "1993.??.??"]
[Round "8"]
[White "Pedersen, Steffen"]
[Black "Balashov, Yuri S"]
[Result "1-0"]
[WhiteElo "2390"]
[BlackElo "2545"]

1.d4 Nf6 2.c4 e6 3.Nc3 Bb4 4.Nf3 d6 5.Bg5 Nbd7 6.e3 h6 7.Bh4 b6 8.Bd3 Bb7
9.O-O Bxc3 10.bxc3 c5 11.Nd2 Qc7 12.e4 cxd4 13.cxd4 e5 14.Re1 O-O 15.Rc1 Rfe8
16.f3 Nh5 17.Nf1 exd4 18.Bf2 Nf4 19.Bxd4 f5 20.exf5 Rxe1 21.Qxe1 Nxd3 22.Qe6+ Kf8
23.Bxg7+ Kxg7 24.Qg6+ Kf8 25.Qxh6+ Ke7 26.Qe6+ Kd8 27.Qg8+ Nf8 28.Qxf8+ Kd7
29.Qf7+ Kc8 30.Qe8+ Qd8 31.Qxd8+ Kxd8 32.Rd1 Ne5 33.Rxd6+ Kc7 34.Re6 Nxc4
35.Re7+ Kc6 36.g4 a5 37.f6 Rf8 38.g5 Nd6 39.Ne3 b5 40.h4 Bc8 41.h5 Nf5 42.Nxf5 Bxf5
43.g6 Rxf6 44.Rf7  1-0

[Event "Alcobendas op"]
[Site "Alcobendas"]
[Date "1993.??.??"]
[Round "1"]
[White "Candela Perez, Jose"]
[Black "Ionov, Sergey"]
[Result "1/2-1/2"]
[WhiteElo "2315"]
[BlackElo "2495"]

1.d4 Nf6 2.c4 e6 3.Nc3 Bb4 4.Nf3 b6 5.Bg5 h6 6.Bh4 Bb7 7.e3 Bxc3+ 8.bxc3 d6
9.Nd2 Nbd7 10.f3 Qe7 11.Bd3 g5 12.Bf2 O-O-O 13.e4 Nh5 14.Nf1 f5 15.Ne3 f4
16.Nf1 c5 17.Nd2 e5 18.a4 a5 19.Qb3 Ng7 20.O-O-O Rdg8 21.Nb1 Ne6 22.dxe5 dxe5
23.Rd2 Rd8 24.Rhd1 Kc7 25.Na3 Nf6 26.Rb2 Nd7 27.Bf1 Bc6 28.Nb5+ Bxb5 29.cxb5 Nf6
30.Bc4 Rxd1+ 31.Qxd1 Rd8 32.Rd2 Rxd2 33.Qxd2 Qd6 34.Qxd6+ Kxd6 35.Kc2  1/2-1/2

[Event "Bad Ragaz op"]
[Site "?"]
[Date "1993.??.??"]
[Round "6"]
[White "Schoene, Ralf"]
[Black "Huss, Andreas"]
[Result "1/2-1/2"]
[WhiteElo "2330"]
[BlackElo "2410"]

1.d4 e6 2.c4 Nf6 3.Nc3 Bb4 4.Nf3 b6 5.e3 Bb7 6.Bd3 O-O 7.O-O Bxc3 8.bxc3 d6
9.Re1 Re8 10.e4 e5 11.Nd2 c5 12.d5 Nbd7 13.Nf1 Qc7 14.a4 a5 15.g3 Nf8 16.f4 exf4
17.gxf4 Ng6 18.Ra2 Rad8 19.Rg2 Kh8 20.Rg3 Bc8 21.h3 Re7 22.f5 Ne5 23.Bg5 Ned7
24.Nh2 Rde8 25.Rg2 Re5 26.Nf3 R5e7 27.Kh1 Rg8 28.Qc1 Ree8 29.Qf4 Ne5 30.Nxe5 dxe5
31.Qh4 Qd6 32.Reg1 Bd7 33.Bc2 Rb8 34.Bd1 Rbe8 35.Qe1 Bc8 36.h4 Ba6 37.Qe2 Nd7
38.Rg3 Nf6 39.Bc1 Qf8 40.R1g2 Qd6 41.Rg1 Qf8 42.Bc2 Rd8 43.Bg5 Rd6 44.h5 h6
45.Bc1  1/2-1/2

[Event "Baden-Baden op"]
[Site "Baden-Baden"]
[Date "1993.??.??"]
[Round "3"]
[White "Conquest, Stuart"]
[Black "Syska, Albert"]
[Result "1-0"]
[WhiteElo "2485"]
[BlackElo "2290"]

1.d4 Nf6 2.c4 e6 3.Nc3 Bb4 4.Nf3 c5 5.g3 cxd4 6.Nxd4 a6 7.Bg2 O-O 8.O-O Qc7
9.Bg5 Bxc3 10.bxc3 Qxc4 11.e4 d6 12.Bxf6 gxf6 13.f4 Qc5 14.Kh1 Nd7 15.Nb3 Qc7
16.Qh5 Re8 17.g4 Nf8 18.Rf3 Kh8 19.Rg3 Qe7 20.f5 Bd7 21.Qh6 exf5 22.gxf5 Ne6
23.fxe6 fxe6 24.Rf1 Rf8 25.Nd4 Rac8 26.Bh3 Rf7 27.Rfg1 f5 28.exf5 e5 29.Ne6 Bc6+
30.Bg2 Rf6 31.Qh5  1-0

[Event "Barcelona op9394"]
[Site "Barcelona"]
[Date "1993.??.??"]
[Round "9"]
[White "Campos Moreno, Javier B"]
[Black "Beltran, Santiago"]
[Result "1/2-1/2"]
[WhiteElo "2450"]
[BlackElo "2310"]

1.d4 Nf6 2.c4 e6 3.Nc3 Bb4 4.Nf3 c5 5.g3 Nc6 6.Bg2 Ne4 7.Qd3 cxd4 8.Nxd4 Nxc3
9.bxc3 Ne5 10.Qc2 Be7 11.Qb3 O-O 12.O-O Qc7 13.Bf4 d6 14.Nb5 Qb8 15.Qb4 a5
16.Qb3 Bd7 17.Rfd1 Bc6 18.Bxc6 bxc6 19.Nd4 Qc7 20.Qa4 Rfc8 21.Bxe5 dxe5 22.Nb3 e4
23.c5 Qe5 24.e3 Bxc5 25.Nxc5 Qxc5 26.Qxe4 Qxc3 27.Rac1 Qa3 28.Rc2 h6 29.Rd7 Rab8
30.Qf3 Rf8 31.Qxc6 Rb2 32.Rxb2 Qxb2 33.Qc4 Rb8 34.Kg2 Qf6 35.Rd2 Qe5 36.Qd4 Qb5
37.Qe4  1/2-1/2

[Event "Berliner Sommer"]
[Site "Berlin"]
[Date "1993.??.??"]
[Round "?"]
[White "Fuhrmann, Daniel"]
[Black "Gipslis, Aivars"]
[Result "0-1"]
[WhiteElo "2300"]
[BlackElo "2505"]

1.d4 Nf6 2.c4 e6 3.Nc3 Bb4 4.Nf3 c5 5.e3 O-O 6.Bd3 d5 7.O-O dxc4 8.Bxc4 Bd7
9.a3 cxd4 10.exd4 Be7 11.Bb3 Bc6 12.Bc2 Nbd7 13.Qd3 Rc8 14.Bg5 g6 15.Rfe1 Nd5
16.h4 Bxg5 17.hxg5 Nxc3 18.bxc3 Bxf3 19.Qxf3 Qxg5 20.Qxb7 Nf6 21.Qf3 Nd5
22.Be4 Rxc3 23.Bxd5 Rxf3 24.Bxf3 Rd8 25.Rad1 Kg7 26.Re3 Rd6 27.g3 Qd8 28.d5 exd5
29.Rd4 Qa5 30.Red3 Rb6 31.Kg2 Rb2 32.Bxd5 Qe1 33.Rf4 f5 34.Re3 Qxe3  0-1

[Event "Berliner Sommer"]
[Site "Berlin"]
[Date "1993.??.??"]
[Round "?"]
[White "Zvjaginsev, Vadim"]
[Black "Onischuk, Alexander"]
[Result "1-0"]
[WhiteElo "2455"]
[BlackElo "2495"]

1.d4 Nf6 2.c4 e6 3.Nc3 Bb4 4.Nf3 b6 5.Bg5 Bb7 6.e3 O-O 7.Bd3 h6 8.Bh4 d5
9.cxd5 exd5 10.O-O Nbd7 11.Rc1 Re8 12.Qa4 c5 13.Bf5 Bxc3 14.Rxc3 g6 15.dxc5 bxc5
16.Bxd7 Qxd7 17.Qf4 Ne4 18.Qxh6 Qf5 19.Ng5 Nxg5 20.Qxg5 Rac8 21.Qxf5 gxf5
22.Rfc1 d4 23.exd4 cxd4 24.Rxc8 Bxc8 25.f3 Ba6 26.Rd1 Re2 27.Rxd4 Rxb2 28.Ra4 Bb5
29.Rxa7 Rb1+ 30.Kf2 f4 31.g4 Rb2+ 32.Kg1 Bc6 33.Bf6 Re2 34.Ra3 Bd5 35.Bg5 Rxa2
36.Rd3 Ra1+ 37.Kg2 Ra2+ 38.Kh3 Bc4 39.Rd8+ Kg7 40.Bxf4 Bf1+ 41.Kg3 Rg2+ 42.Kh4 Rf2
43.g5 f6 44.Rd7+ Kg6 45.Rd6 Rxf3 46.Rxf6+ Kg7 47.Kg4 Be2 48.Kf5 Bd3+ 49.Ke5 Rf1
50.Rh6 Re1+ 51.Kd4 Bg6 52.Be5+ Kf7 53.Bf6 Re2 54.h4 Rh2 55.Ke3 Rh3+ 56.Kf4 Rh1
57.Kg3 Rg1+ 58.Kf3 Rh1 59.Kf2 Rh2+ 60.Kg1 Ra2 61.h5 Be4 62.Rh8 Ra8 63.Rh6 Ke6
64.Kf2 Kf5 65.Ke3 Ra3+ 66.Kd4 Ra4+ 67.Kc5 Ra7 68.Rh8 Ra5+ 69.Kd6 Ra6+ 70.Kc5 Ra5+
71.Kb4 Ra8 72.Rh7 Rb8+ 73.Kc5 Rb7 74.Rh8 Rc7+ 75.Kd4 Rd7+ 76.Ke3 Rd3+ 77.Ke2 Rh3
78.h6 Kf4 79.Kd2 Bg6 80.Rf8 Kg4 81.Rb8 Bf5 82.Rb5 Bg6 83.Rc5 Kh5 84.Re5 Rd3+
85.Ke2 Rd7 86.Ra5 Bc2 87.Ke3 Kg6 88.Ra6 Kh7 89.Kf4 Bd3 90.Ra8 Bc2 91.Ke5 Rb7
92.Rc8 Bb1 93.Re8 Bc2 94.Bd8 Bg6 95.Re6 Rb5+ 96.Kd6 Bf7 97.Re7 Kg6 98.h7 Rd5+
99.Kc7 Kxh7 100.Rxf7+  1-0

[Event "Bern op"]
[Site "Bern"]
[Date "1993.??.??"]
[Round "3"]
[White "Ward, Christopher"]
[Black "Sokolov, Andrei"]
[Result "1-0"]
[WhiteElo "2430"]
[BlackElo "2555"]

1.d4 Nf6 2.c4 e6 3.Nc3 Bb4 4.Nf3 b6 5.Bg5 h6 6.Bh4 Bxc3+ 7.bxc3 Bb7 8.Nd2 Qe7
9.f3 d5 10.e3 Nbd7 11.Be2 e5 12.cxd5 exd4 13.e4 d3 14.Bxd3 Bxd5 15.O-O Bb7
16.Nb3 O-O 17.Nd4 Ne5 18.Be2 Ng6 19.Nf5 Qe6 20.Bg3 Nh5 21.Bxc7 Rac8 22.Qd6 Nhf4
23.Bb5 Bxe4 24.fxe4 Rxc7 25.Qxc7 Qxe4 26.Ne7+ Kh7 27.Rf2 Ne5 28.Raf1 g5 29.Qd6 a6
30.Bc6  1-0

[Event "Bucharest (Women)"]
[Site "Bucharest"]
[Date "1993.??.??"]
[Round "7"]
[White "Stanciu, Gabriela"]
[Black "Sasu Ducsoara, Andrea"]
[Result "1-0"]
[WhiteElo "2260"]
[BlackElo "2070"]

1.d4 Nf6 2.c4 e6 3.Nc3 Bb4 4.Nf3 b6 5.g3 Bb7 6.Bg2 O-O 7.Qc2 c5 8.dxc5 bxc5
9.O-O d5 10.cxd5 exd5 11.Na4 Na6 12.a3 Ba5 13.Be3 Rc8 14.Bh3 Rc6 15.Ne5 Rc7
16.Bg5 d4 17.f3 Bc8 18.Bxc8 Rxc8 19.Ng4 Qd6 20.Bxf6 gxf6 21.Qf5 Rc6 22.b4 d3
23.exd3 Bb6 24.b5 Qd4+ 25.Kh1  1-0

[Event "Budapest FS09 IM-B"]
[Site "Budapest"]
[Date "1993.??.??"]
[Round "?"]
[White "Navarovszky, Laszlo"]
[Black "Zak, Uriel"]
[Result "1/2-1/2"]
[WhiteElo "2320"]
[BlackElo "2285"]

1.d4 Nf6 2.c4 e6 3.Nc3 Bb4 4.Nf3 b6 5.e3 Bb7 6.Bd3 Ne4 7.O-O Bxc3 8.bxc3 O-O
9.Nd2 Nxd2 10.Bxd2 f5 11.f3 Nc6 12.Qc2 Na5 13.c5 d6 14.cxd6 Qxd6 15.c4 c5
16.d5 exd5 17.cxd5 Bxd5 18.Bxa5 bxa5 19.Bxf5 g6 20.Bd3 Qe5 21.Qxc5 Rfc8 22.Qd4 Qxd4
23.exd4 Rab8 24.Be4 Bxe4 25.fxe4 Rc4 26.Rad1 Rd8 27.Kf2 Rdxd4 28.Rxd4 Rxd4
29.Ke3 Rb4 30.g4 a4 31.g5 Rb2 32.Rf2 a3 33.h4 a5 34.e5 a4 35.e6 Rxf2 36.Kxf2 Kf8
37.Ke3 Ke7 38.Kd4 Kxe6 39.Ke4  1/2-1/2

[Event "Budapest FS09 IM-B"]
[Site "Budapest"]
[Date "1993.??.??"]
[Round "?"]
[White "Gelle, Istvan"]
[Black "Zak, Uriel"]
[Result "1-0"]
[WhiteElo "2235"]
[BlackElo "2285"]

1.d4 Nf6 2.c4 e6 3.Nc3 Bb4 4.Nf3 b6 5.g3 Bb7 6.Bg2 c5 7.O-O cxd4 8.Nb5 O-O
9.Bf4 Ne8 10.Qxd4 a6 11.Nd6 Nxd6 12.Bxd6 Nc6 13.Qd3 Re8 14.Bxb4 Nxb4 15.Qd6 a5
16.Rfd1 Rc8 17.a3 Bxf3 18.exf3 Nc2 19.Rac1 Rxc4 20.Bf1 Rc5 21.Bd3 Rc6 22.Qf4 Qc8
23.Kg2 g6 24.Bxc2 Rxc2 25.Rxc2 Qxc2 26.Rxd7 Qf5 27.Qc7 e5 28.Rd8 Rxd8 29.Qxd8+ Kg7
30.Qxb6 a4 31.Qb5 Qc2 32.Qxe5+ Kg8 33.Qb5 Kg7 34.Qb4 Kg8 35.Qc3 Qd1 36.Qb4 h5
37.h4 Kh7 38.Qc4 Kg7 39.Qc3+ Kh7 40.Qf6 Qd5 41.Qf4 Qb3 42.Qb4 Qc2 43.Qe7 Kg7
44.Qb4 Kh7 45.Qd4 Kg8 46.Qf6 Qb3 47.Qd4 Kh7 48.f4 Qb7+ 49.Kg1 Qb3 50.Qe5 Qc2
51.Qf6 Qd1+ 52.Kg2 Qd5+ 53.Kh2 Kg8 54.f5 gxf5 55.Qg5+ Kf8 56.Qh6+ Ke8 57.Qxh5 Qd2
58.Qxf5 Qxb2 59.Qc5 Kd7 60.g4 Qe2 61.Qd4+ Kc8 62.h5 Qc2 63.h6 Qc7+ 64.f4 Qc2+
65.Kh3 Qb3+ 66.Kh4 Qe6 67.Qc5+ Kb7 68.Qb5+  1-0

[Event "Spring op"]
[Site "Budapest"]
[Date "1993.??.??"]
[Round "2"]
[White "Horkai, Andras"]
[Black "Kustar, Sandor"]
[Result "0-1"]
[WhiteElo "2305"]
[BlackElo "2310"]

1.d4 Nf6 2.c4 e6 3.Nc3 Bb4 4.Nf3 c5 5.e3 Nc6 6.Bd3 b6 7.O-O O-O 8.d5 exd5
9.cxd5 Ne7 10.e4 d6 11.h3 Ng6 12.a3 Ba5 13.Na2 b5 14.Bxb5 Nxe4 15.Bd3 Re8
16.b4 cxb4 17.Nxb4 Qf6 18.Be3 Nf4 19.Kh2 Bd7 20.Rc1 Nxd3 21.Nxd3 Qg6 22.Nf4 Qf5
23.g4 Qf6 24.Nh5 Qe7 25.Qd3 f6 26.Rg1 Nc5 27.Bxc5 dxc5 28.Ng3 Bc7 29.Kh1 Rab8
30.Rge1 Qd6 31.Rxe8+ Rxe8 32.Qc4 Bb6 33.a4 Kh8 34.Kg2 Rd8 35.Ra1 Bc8 36.a5 Bc7
37.Rd1 Bb7 38.a6 Bxd5 39.Ne4 Bxc4 40.Nxd6  0-1

[Event "Budapest FS12 IM-B"]
[Site "Budapest"]
[Date "1993.??.??"]
[Round "4"]
[White "Velvart, Peterne"]
[Black "Kragelj, Igor"]
[Result "0-1"]
[WhiteElo "2155"]
[BlackElo "2305"]

1.d4 Nf6 2.c4 e6 3.Nc3 Bb4 4.Nf3 c5 5.d5 exd5 6.cxd5 d6 7.Bd2 O-O 8.g3 Nbd7
9.Bg2 Nb6 10.Nh4 h6 11.a3 Ba5 12.f4 Nc4 13.Bc1 Re8 14.Qd3 b5 15.O-O Bxc3
16.bxc3 Qe7 17.e3 Rb8 18.Re1 Ne4 19.a4 a6 20.f5 Qe5 21.axb5 axb5 22.Bxe4 Qxe4
23.Qxe4 Rxe4 24.Kf2 Bb7 25.Rd1 Re5  0-1

[Event "Budapest FS11 IM-B"]
[Site "Budapest"]
[Date "1993.??.??"]
[Round "5"]
[White "Kahn, Evarth"]
[Black "Pigott, John C"]
[Result "0-1"]
[WhiteElo "2390"]
[BlackElo "2380"]

1.d4 Nf6 2.c4 e6 3.Nc3 Bb4 4.Nf3 c5 5.dxc5 Bxc3+ 6.bxc3 Na6 7.g3 Nxc5 8.Bg2 b6
9.Bf4 Bb7 10.O-O O-O 11.Rb1 Nfe4 12.Qc2 d6 13.Rfd1 Qf6 14.Bxd6 Nxd6 15.Rxd6 Be4
16.Qc1 Bxb1 17.Qxb1 Rad8 18.Rd4 Rd7 19.e3 Rfd8 20.Nd2 g6 21.Qb5 Qf5 22.Bf3 e5
23.Rd5 Rxd5 24.Bxd5 Qc2  0-1

[Event "Budapest FS09 GM"]
[Site "Budapest"]
[Date "1993.??.??"]
[Round "6"]
[White "Unzicker, Ferdinand"]
[Black "Loginov, Valery A"]
[Result "0-1"]
[WhiteElo "2335"]
[BlackElo "2505"]

1.d4 Nf6 2.c4 e6 3.Nc3 Bb4 4.Nf3 c5 5.g3 cxd4 6.Nxd4 O-O 7.Bg2 d5 8.O-O dxc4
9.Qa4 Na6 10.Ndb5 Nd5 11.Rd1 Bd7 12.Nxd5 exd5 13.Bxd5 Qb6 14.Bxc4 Qc6 15.Be3 Rad8
16.Rac1 Bc5 17.Qb3 Bxe3 18.Qxe3 Bh3 19.Bxf7+ Kxf7 20.Nd6+ Rxd6 21.Qb3+ Be6  0-1

[Event "Budapest FS07 IM-A"]
[Site "Budapest"]
[Date "1993.??.??"]
[Round "8"]
[White "Navarovszky, Laszlo"]
[Black "Haimovich, Tal"]
[Result "0-1"]
[WhiteElo "2320"]
[BlackElo "2270"]

1.d4 Nf6 2.c4 e6 3.Nc3 Bb4 4.Nf3 O-O 5.Bg5 c5 6.e3 cxd4 7.exd4 h6 8.Bh4 Qa5
9.Bd3 g5 10.Bg3 Bxc3+ 11.bxc3 Qxc3+ 12.Kf1 d5 13.Rc1 Qa3 14.Ne5 Ne4 15.cxd5 exd5
16.f3 Nd6 17.h4 Bf5 18.hxg5 hxg5 19.Rh5 f6 20.Rc7 Na6 21.Re7 Bxd3+ 22.Qxd3 Qxd3+
23.Nxd3 Nf5 24.Rhh7 Nxe7 25.Rxe7 Rf7 26.Re6 Rc8 27.Rd6 Rc3 28.Ne1 Nb4 29.a4 Kg7
30.Rd8 Rc1 31.Ke2 Ra1 32.Kd2 a5 33.Bd6 Nc6  0-1

[Event "Budapest FS08 IM"]
[Site "Budapest"]
[Date "1993.??.??"]
[Round "8"]
[White "Navarovszky, Laszlo"]
[Black "Littke, Adam"]
[Result "1/2-1/2"]
[WhiteElo "2320"]
[BlackElo "2270"]

1.d4 Nf6 2.c4 e6 3.Nc3 Bb4 4.Nf3 b6 5.e3 Bb7 6.Bd3 Ne4 7.O-O Bxc3 8.bxc3 O-O
9.Nd2 Nxd2 10.Bxd2 f5 11.f3 d6 12.Qc2 Nd7 13.Rae1 Qe7 14.e4 fxe4 15.Bxe4 Bxe4
16.Qxe4 Rae8 17.Re2 Nf6 18.Qh4 Qd7 19.Bg5 Qa4 20.d5 exd5 21.Rxe8 Qxe8 22.Bxf6 Rxf6  1/2-1/2

[Event "Budapest FS09 GM"]
[Site "Budapest"]
[Date "1993.??.??"]
[Round "10"]
[White "Lukacs, Peter"]
[Black "Shabtai, Ran"]
[Result "1/2-1/2"]
[WhiteElo "2485"]
[BlackElo "2350"]

1.d4 Nf6 2.c4 e6 3.Nf3 Bb4+ 4.Nc3 c5 5.e3 O-O 6.Bd3 d5 7.O-O Nc6 8.a3 Bxc3
9.bxc3 Qc7 10.h3 dxc4 11.Bxc4 Re8 12.Bb2 e5 13.Ba2 e4 14.Nh2 Bf5 15.Ng4 Nxg4
16.hxg4 Bg6 17.Qe2 Qe7 18.f4 exf3 19.Rxf3 Nd8 20.Rd1  1/2-1/2